EA FC26 All Gold Austria Players - Statistics

General Stats
  • This quiz has been taken 36 times
  • The average score is 10 of 24
Answer Stats
Rate Club Answer % Correct
82 Real Madrid David Alaba
100%
82 Bayern Konrad Laimer
96%
80 Dortmund Marcel Sabitzer
96%
77 Leipzig Christoph Baumgartner
71%
80 Leipzig Xaver Schlager
71%
79 Spurs Kevin Danso
67%
77 Leipzig Nicolas Seiwald
50%
77 Wolfsburg Patrick Wimmer
46%
79 Freiburg Philipp Lienhart
46%
75 Union Berlin Christopher Trimmel
38%
78 Werder Bremen Romano Schmid
38%
79 Como Stefan Posch
33%
76 Torino Valentino Lazaro
33%
77 Werder Bremen Marco Friedl
29%
76 Mainz Philipp Mwene
29%
75 Braga Florian Grillitsch
25%
75 Feyenoord Gernot Trauner
21%
75 Union Berlin Leopold Querfeld
21%
75 Werder Bremen Marco Grull
21%
75 Brondby Michael Gregoritsch
21%
75 Elche David Affengruber
17%
76 Gladbach Kevin Stoger
17%
75 Werder Bremen Maximilian Wober
13%
75 Slavia Prague Muhammed Cham
8%
No matching quizzes found
Score Distribution
Percent of People with Each Score
Percentile by Number Answered
Your Score History
You have not taken this quiz